000 01391cam a22003491 4500
001 gs 41000136
003 DLC
005 20260227111347.0
008 780228s1941 msuab b 000 0 eng c
010 _ags 41000136
035 _a(OCoLC)3677934
040 _aU.S. Geol. Survey. Library
_cOT
_dOCoLC
_dDLC
042 _apremarc
050 0 0 _aQE129
_b.A2 no. 43
082 _a553.09762
110 2 _aMississippi Geological, Economic, and Topographical Survey.
245 1 0 _aWarren County mineral resources.
260 _aUniversity,
_c1941.
300 _a140 p.
_billus. (part fold.) maps (1 fold) tables.
_c23 cm.
490 1 _aIts Bulletin
_v43
500 _aAt head of title: Mississippi. State Geological Survey.
500 _a"Prepared in cooperation with the Warren citizens and the WPA as a report on O.P. 465-62-3-275."
505 0 _aGeology, by F.F. Mellen.--Tests, clays, by T.E. McCutcheon.--Tests, maris and limestones, by M.R. Livingston.
504 _a"References": p. 86-88, 139-140.
650 0 _aGeology
_zMississippi
_zWarren County.
650 0 _aClay
_xTesting.
650 0 _aMines and mineral resources
_zMississippi
_zWarren County.
700 1 _aMellen, Frederic Francis,
_d1911-
700 1 _aMcCutcheon, Thomas Edwin.
700 1 _aLivingston, Malcolm Rogers.
810 2 _aMississippi Geological, Economic, and Topographical Survey.
_tBulletin
_v43.
999 _c27739
_d27739